Country by Political Party #2 - Statistics

General Stats
  • This quiz has been taken 106 times
  • The average score is 9 of 15
Answer Stats
Party Country % Correct
Alternative für Deutschland (AfD) Germany
100%
Scottish National Party (SNP) United Kingdom
100%
African National Congress (ANC) South Africa
99%
Vlaams Belang Belgium
76%
Law and Justice (PiS) Poland
72%
Vox Spain
71%
Five Star Movement (M5S) Italy
65%
Justice and Development Party (AKP) Turkey
64%
Syriza Greece
58%
National Regeneration Movement (MORENA) Mexico
54%
Meretz Israel
53%
Zanu-PF Zimbabwe
41%
ANO 2011 Czechia
33%
Movement for Socialism (MAS-IPSP) Bolivia
28%
PDP-Laban Philippines
25%
No matching quizzes found
Score Distribution
Percent of People with Each Score
Percentile by Number Answered
Your Score History
You have not taken this quiz